000 00317nam a2200133Ia 4500
005 20251222155119.0
008 251222s9999||||xx |||||||||||||| ||spa||
082 _aMIC. 02
100 _aU.M.San Marcos
245 0 _aGuia de Practicas de Microbiologia Medica
250 _a1ra. ed.
264 _bUNMSM
942 _cLIB
999 _c38379
_d38379